banner-ar

MACLEOD'S CLINICAL EXAMINATION / (Record no. 19997)

MARC details
000 -الفاتح
حقل البيانات ثابتة الطول 00523nam a2200193Ia 4500
008 - عناصر البيانات ثابتة الطول - معلومات عامة
حقل البيانات ثابتة الطول 140319s9999 xx 000 0 eng d
020 ## - الرقم الدولى المعيارى للكتب
الرقم الدولى المعيارى للكتاب 043304922X
040 ## - مصدر الفهرسة
وكالة الفهرسة الأصلية GCL /
وكالة النسخ GCL
082 04 - رقم تصنيف ديوى العشرى
رقم التصنيف 616.0756
رقم المادة M M
100 1# - المدخل الرئيسى - إسم شخصى
الإسم الشخصى MUNRO, JOHN
245 10 - بيان العنوان
العنوان MACLEOD'S CLINICAL EXAMINATION /
بيان المسئوليه,etc MUNRO, JOHN
700 1# - المدخل الاضافى - اسم شخصى
الإسم الشخصى EDWARDS, CHRISTOPHER
260 ## - PUBLICATION, DISTRIBUTION, ETC. (IMPRINT)
تاريخ النشر أو التوزيع 1994
300 ## - الوصف المادى
التعداد 372 P ؛
أبعاد الوعاء MULTI
650 04 - المدخل الاضافى بالموضوع-مصطلح موضوعى
مصطلح موضوعي PHYSICIANS
650 04 - المدخل الاضافى بالموضوع-مصطلح موضوعى
مصطلح موضوعي MEDICINE
942 ## - عناصر المدخل الإضافي( كوها)
مصدر التصنيف او مخطط الترفيف Dewey Decimal Classification
Koha [default] item type كتاب
260 ## - PUBLICATION, DISTRIBUTION, ETC. (IMPRINT)
-- انجلترا :
-- ELBS WITH CHURCHILL LIVINGSTONE ،
Holdings
حالة التراجع حالة الفقد حالة تلف ليس للاعارة المكان المؤقت الموقع الحالى تاريخ الاكتساب اجمالي اﻻعارات رقم الطلب الباركود تاريخ اخر مشاهدة تاريخ تفعيل السعر نوع وعاء كوها
        مكتبة القاهرة الكبرى مكتبة القاهرة الكبرى 03/26/2014   616.0756\M M 37781 03/26/2014 03/26/2014 كتاب
        مكتبة القاهرة الكبرى مكتبة القاهرة الكبرى 03/26/2014   616.0756\M M 37782 03/26/2014 03/26/2014 كتاب
        مكتبة القاهرة الكبرى مكتبة القاهرة الكبرى 03/26/2014   616.0756\M M 37783 03/26/2014 03/26/2014 كتاب

Powered By

EGPV